| 000 | 01020nam a2200229 i 4500 | ||
|---|---|---|---|
| 001 | 135872 | ||
| 003 | ES-MaACL | ||
| 005 | 20251015063132.0 | ||
| 007 | t| | ||
| 008 | 070214s1921 fr |||| | fre d | ||
| 100 | 0 |
_aRousseau, Rodolphe, _d1849-1922 _9100062 |
|
| 245 | 1 | 0 |
_aTraité théorique et pratique des sociétés commerciales française et étrangères _b: contenant une étude du régime fiscal et suivi de formules annotées répondant áa tous les actes de la vie sociale / _cRodolphe Rousseau. |
| 250 |
_a5e éd., entièrement refondue, mise au courant de la jurisprudence la plus récente _bpar ses collaborateurs, André Dolbeau, Louis Gallié, Jacques Rodolphe-Rousseau. |
||
| 260 |
_aParis : _bLibrairie A. Rousseau, _c1921. |
||
| 300 |
_a2 v. ; _c25 cm. |
||
| 650 | 4 |
_aSociedades. _9136884 |
|
| 700 | 1 |
_aDolbeau, André. _945010 |
|
| 700 | 1 |
_aGallié, Louis. _953617 |
|
| 700 | 0 |
_aRodolphe-Rousseau, Jacques, _d1893- _998155 |
|
| 852 |
_aES-MaACL _jF-8223-24 |
||
| 999 |
_c135872 _d135872 |
||